Jules et jim (Record no. 161248)

MARC details
000 -LEADER
fixed length control field 00515nam a2200217Ia 4500
003 - CONTROL NUMBER IDENTIFIER
control field OSt
005 - DATE AND TIME OF LATEST TRANSACTION
control field 20230428095526.0
008 - FIXED-LENGTH DATA ELEMENTS--GENERAL INFORMATION
fixed length control field 210423s1953 xx 000 0 und d
020 ## - INTERNATIONAL STANDARD BOOK NUMBER
International Standard Book Number 9780141194639
040 ## - CATALOGING SOURCE
Transcribing agency AL
041 ## - LANGUAGE CODE
Language code of text/sound track or separate title eng
082 ## - DEWEY DECIMAL CLASSIFICATION NUMBER
Classification number 823
Edition number 23
Item number ROCH
100 ## - MAIN ENTRY--PERSONAL NAME
Personal name ROCHE (Henri-Pierre)
9 (RLIN) 94542
245 ## - TITLE STATEMENT
Title Jules et jim
260 ## - PUBLICATION, DISTRIBUTION, ETC.
Name of publisher, distributor, etc. Penguin Books Ltd
Date of publication, distribution, etc. 1953
300 ## - PHYSICAL DESCRIPTION
Extent x,227
Other physical details PB
365 ## - TRADE PRICE
Price amount 399
Currency code INR
650 ## - SUBJECT ADDED ENTRY--TOPICAL TERM
Topical term or geographic name entry element English Fiction
9 (RLIN) 94543
906 ## - LOCAL DATA ELEMENT F, LDF (RLIN)
a et ; jim ; Jules
942 ## - ADDED ENTRY ELEMENTS (KOHA)
Source of classification or shelving scheme Dewey Decimal Classification
Koha item type Book
Holdings
Withdrawn status Lost status Damaged status Not for loan Collection code Home library Current library Date acquired Source of acquisition Cost, normal purchase price Total Checkouts Full call number Barcode Date last seen Price effective from Koha item type
        MA English St Aloysius PG Library St Aloysius PG Library 03/26/2013 Biblios Book Point 399.00   823 ROCH PG007729 08/24/2022 04/26/2021 Book